Medzinárodný marketing v kontexte najnovších tendencií vývoja

Guardado en:
Detalles Bibliográficos
Autor principal: Zorkóciová, Otília, 1954-
Autor Corporativo: Ekonomická univerzita v Bratislave. Obchodná fakulta
Otros Autores: Čiderová, Denisa, 1977-, Krajčík, Daniel, 1981-, Krajčík Danišová, Sonia, 1981-, Minárik, Marek, Pásztorová, Janka, 1960-, Táncošová, Judita, Obadi, Saleh Mothana
Formato: Libro
Lenguaje:eslovaco
Publicado: Bratislava Vydavateľstvo EKONÓM 2023
Edición:1. vydanie
Materias:
Etiquetas: Agregar Etiqueta
Sin Etiquetas, Sea el primero en etiquetar este registro!

MARC

LEADER 00000nam a2200000 4500
001 0297932
005 20240502074519.0
020 |a 978-80-225-5119-9 
041 0 |a slo 
044 |a SK 
245 1 0 |a Medzinárodný marketing v kontexte najnovších tendencií vývoja  |c Otília Zorkóciová a kolektív ; recenzenti: Judita Táncošová, Saleh Mothana Obadi 
250 |a 1. vydanie 
264 1 |a Bratislava  |b Vydavateľstvo EKONÓM  |c 2023 
300 |a 363 s. [26,214 AH] 
610 2 0 |a marketing medzinárodný 
610 2 0 |a marketing manažment 
610 2 0 |a zodpovednosť spoločenská 
610 2 0 |a diverzita 
610 2 0 |a kultúra 
610 2 0 |a trh zahraničný 
610 2 0 |a marketing mix 
610 2 0 |a politika cenová 
610 2 0 |a riadenie reťazcov dodávateľských 
610 2 0 |a riadenie ľudských zdrojov 
610 2 0 |a identita podniková 
610 2 0 |a konkurencieschopnosť 
100 1 |a Zorkóciová, Otília, 1954- 
700 1 |a Čiderová, Denisa, 1977- 
700 1 |a Krajčík, Daniel, 1981- 
700 1 |a Krajčík Danišová, Sonia, 1981- 
700 1 |a Minárik, Marek 
700 1 |a Pásztorová, Janka, 1960- 
700 1 |a Táncošová, Judita 
700 1 |a Obadi, Saleh Mothana 
710 2 |a Ekonomická univerzita v Bratislave. Obchodná fakulta